| 000 | 01476nam a2200289Ia 4500 | ||
|---|---|---|---|
| 999 |
_c49395 _d49395 |
||
| 001 | 16315 | ||
| 003 | GE_BSU | ||
| 005 | 20221222114819.0 | ||
| 008 | 181216s2013||||ge |||||||||||||| ||geo|| | ||
| 020 | _a9789941934353 | ||
| 040 | _cGE_BSU | ||
| 041 | _ageo | ||
| 080 | _a341 ა-48 | ||
| 100 |
_aალექსიძე, ლევან _916519 |
||
| 245 |
_aთანამედროვე საერთაშორისო სამართალი / _cლევან ალექსიძე ; რედ. ქეთევან ხუციშვილი. |
||
| 250 | _aგანახლებული და შევსებული გამოცემა | ||
| 260 | _bიურისტების სამყარო | ||
| 264 |
_aთბილისი: _b იურისტების სამყარო, _c2013. |
||
| 300 |
_a441 გვ.; _b20 სმ. |
||
| 300 | _bბიბლიოგრ. ტექსტ. შენიშვნ | ||
| 504 | _aბიბლიოგრ. ტექსტ. შენიშვნ. | ||
| 653 | _aსაერთაშორისო სამართალი | ||
| 653 | _aსაერთაშორისო სამართალი | ||
| 700 |
_aხუციშვილი, ქეთევან _eრედაქტორი _95752 |
||
| 856 |
_uhttps://dspace.nplg.gov.ge/bitstream/1234/345590/1/Tanamedrove_Saertashoriso_Samartali.pdf _yელ. ვერსია. pdf |
||
| 942 |
_cBK _2udc |
||